000 00403nam a22001697a 4500
005 20160624104838.0
008 160624b xxu||||| |||| 00| 0 eng d
020 _a978-81-7596-029-9
041 _aeng
082 _b9695
100 _aMurphy, Raymond
_92593
245 _aEssential English Grammer
260 _bCambridge Uni-Press
_c2009
300 _a260
650 _aManagement
_9241
942 _cBK
999 _c3775
_d3774